书目信息 |
| 题名: |
十二届司法考试重大争议题目的来龙去脉
|
|
| 作者: | 李建伟 编著 | |
| 分册: | 民法学卷 | |
| 出版信息: | 北京 中国政法大学出版社 2013.01 |
|
| 页数: | 184页 | |
| 开本: | 24cm | |
| 丛书名: | ||
| 单 册: | ||
| 中图分类: | D920.4 , D923.04 | |
| 科图分类: | ||
| 主题词: | 法律--中国--考核--自学参考资料 , 民法--中国--考核--自学参考资料 , 法律 , 民法 | |
| 电子资源: | ||
| ISBN: | 978-7-5620-4572-4 | |
| 000 | 01150nam0 2200301 450 | |
| 001 | 010050041874 | |
| 005 | 20130427082406.15 | |
| 010 | @a978-7-5620-4572-4@dCNY28.00 | |
| 100 | @a20130130d2013 em y0chiy50 ea | |
| 101 | 0 | @achi |
| 102 | @aCN@b110000 | |
| 105 | @ay z 000yy | |
| 106 | @ar | |
| 200 | 1 | @a十二届司法考试重大争议题目的来龙去脉@9shi er jie si fa kao shi zhong da zheng yi ti mu di lai long qu mai@i民法学卷@e疑难、争议、经典与旧题新做@e司考真题四类研究@f李建伟等编著 |
| 210 | @a北京@c中国政法大学出版社@d2013.01 | |
| 215 | @a184页@d24cm | |
| 330 | @a本书在体例上进行了大胆的创新,从历年真题中挑选出具有代表性的试题,分为经典真题、争议试题、疑难真题和旧题新做四类,予以详解。 | |
| 517 | 1 | @a疑难、争议、经典与旧题新做@9yi nan、zheng yi、jing dian yu jiu ti xin zuo |
| 517 | 1 | @a司考真题四类研究@9si kao zhen ti si lei yan jiu |
| 606 | 0 | @a法律@y中国@x考核@j自学参考资料 |
| 606 | 0 | @a民法@y中国@x考核@j自学参考资料 |
| 606 | 0 | @a法律 |
| 606 | 0 | @a民法 |
| 690 | @aD920.4@v5 | |
| 690 | @aD923.04@v5 | |
| 701 | 0 | @a李建伟@9li jian wei@4编著 |
| 801 | 0 | @aCN@b人天书店@c20130130 |
| 905 | @b542168-72@dD920.4@e989@f5 | |
| 十二届司法考试重大争议题目的来龙去脉.民法学卷:疑难、争议、经典与旧题新做:司考真题四类研究/李建伟等编著.-北京:中国政法大学出版社,2013.01 |
| 184页;24cm |
| ISBN 978-7-5620-4572-4:CNY28.00 |
| 本书在体例上进行了大胆的创新,从历年真题中挑选出具有代表性的试题,分为经典真题、争议试题、疑难真题和旧题新做四类,予以详解。 |
| ● |
| 相关链接 |
|
|
|
|
正题名:十二届司法考试重大争议题目的来龙去脉
索取号:D920.4/989
 
预约/预借
| 序号 | 登录号 | 条形码 | 馆藏地/架位号 | 状态 | 备注 |
| 1 | 542168 | 205421685 | 第一样本阅览室/ [索取号:D920.4/989] | 在馆 | |
| 2 | 542169 | 205421694 | 第一借阅区/ [索取号:D920.4/989] | 在馆 | |
| 3 | 542170 | 205421701 | 第一借阅区/ [索取号:D920.4/989] | 在馆 | |
| 4 | 542171 | 205421710 | 第一借阅区/ [索取号:D920.4/989] | 在馆 | |
| 5 | 542172 | 205421729 | 密集书库-史法系/ [索取号:D920.4/989] | 在馆 |